00278nam a2200121Ia 4500008004100000100001900041245002100060260002800081300001100109650001400120942000700134999001500141190216s9999||||xx |||||||||||||| ||und|| aBernard Miller 0aThermal Analysis bJohn Wiley & Sonsc1982 axxxiip aChemistry cBK c2440d2440